Statistiques concernant Création de mots - Puzzle #1

Cliquez ici pour prendre le quiz!

Statistiques générales

  • Ce quiz a été pris 1 380 fois
  • Le résultat moyen est 10 sur 21

Statistiques - réponses

Mots% Correct
Chat
79%
Clou
75%
Char
73%
Cent
66%
Chou
62%
Plat
61%
Plot
53%
Gent
51%
Clim
50%
Clot
46%
Sent
45%
Clam
43%
Glam
43%
Slam
36%
Seau
35%
Peau
31%
Slim
31%
Shit
24%
Skat
23%
Shot
15%
Phot
12%

Distribution des résultats

Percentile par nombre de réponses

% des personnes avec chaque résultat

Votre développement - résultats

Vous n’avez pas pris ce quiz